[Event "Muensterland Regionalliga 2526"]
[Site "Germany"]
[Date "2025.12.06"]
[Round "4"]
[Board "5"]
[White "Janning, Rainer"]
[Black "Ll, David"]
[Result "1-0"]
[WhiteElo "1826"]
[BlackElo "1793"]
[WhiteFideId "-1"]
[BlackFideId "-1"]
[PlyCount "115"]
[GameId "2255797289599564"]
[EventDate "2025.??.??"]
[EventType "team-tourn"]
[EventRounds "9"]
[EventCountry "GER"]
[SourceTitle "Verband Muensterland"]
[SourceDate "2025.09.21"]
[SourceVersion "1"]
[SourceVersionDate "2025.09.21"]
[SourceQuality "1"]
[WhiteTeam "Steinfurt"]
[BlackTeam "Emsdetten Rochade"]
[WhiteTeamCountry "GER"]
[BlackTeamCountry "GER"]

1. e4 c6 2. Nc3 d5 3. Nf3 dxe4 4. Nxe4 Nf6 5. Qe2 Nxe4 6. Qxe4 Qd5 7. Qf4 Bf5 8. Bc4 Qe4+ 9. Qxe4 Bxe4 10. Bxf7+ Kd8 11. d3 Bxf3 12. gxf3 Nd7 13. Be6 g6 14. Bxd7 Kxd7 15. h4 Bg7 16. c3 Raf8 17. Ke2 Rf5 18. Be3 a6 19. Rag1 Bf6 20. Rg4 Rb5 21. Bc1 Rh5 22. Bg5 Rg8 23. Rhg1 Rg7 24. d4 Rf7 25. Ke3 Kd6 26. b3 Bxg5+ 27. hxg5 Rh3 28. R4g3 Rh4 29. Rg4 Rh3 30. Rf4 Rxf4 31. Kxf4 Ke6 32. Re1+ Kf7 33. Kg4 Rh2 34. Kg3 Rh5 35. f4 Ke8 36. f3 Kf7 37. c4 e6 38. Re2 Rh1 39. Rh2 Rxh2 40. Kxh2 b5 41. Kg2 Ke7 42. Kf2 b4 43. Ke3 Kd7 44. Kd3 Kc7 45. Kc2 Kb7 46. a3 bxa3 47. b4 Kc8 48. Kb3 Kb7 49. Kxa3 Ka7 50. Kb3 Kb7 51. Kc3 Kc7 52. Kd3 Kd7 53. Ke3 Kc7 54. Ke4 Kd6 55. c5+ Kd7 56. Ke5 Ke7 57. f5 gxf5 58. f4 1-0

[Event "Muensterland Regionalliga 2526"]
[Site "Germany"]
[Date "2025.12.06"]
[Round "4"]
[Board "6"]
[White "Nordholt, Uwe"]
[Black "Thomas, Wolfgang1"]
[Result "1/2-1/2"]
[WhiteElo "1766"]
[BlackElo "1729"]
[WhiteFideId "-1"]
[BlackFideId "-1"]
[PlyCount "64"]
[GameId "2255797289599566"]
[EventDate "2025.??.??"]
[EventType "team-tourn"]
[EventRounds "9"]
[EventCountry "GER"]
[SourceTitle "Verband Muensterland"]
[SourceDate "2025.09.21"]
[SourceVersion "1"]
[SourceVersionDate "2025.09.21"]
[SourceQuality "1"]
[WhiteTeam "Emsdetten Rochade"]
[BlackTeam "Steinfurt"]
[WhiteTeamCountry "GER"]
[BlackTeamCountry "GER"]

1. d4 e6 2. e4 d5 3. exd5 exd5 4. Bd3 Bd6 5. Nf3 Ne7 6. O-O h6 7. Re1 O-O 8. Ne5 Bf5 9. Qh5 Bxd3 10. Nxd3 Ng6 11. Nd2 Qh4 12. Qxh4 Nxh4 13. g3 Ng6 14. Nf3 Nd7 15. Nfe5 Bxe5 16. dxe5 Rfe8 17. f4 h5 18. b3 c5 19. Bb2 Ne7 20. e6 fxe6 21. Rxe6 Nf5 22. Rae1 Kf7 23. Rxe8 Rxe8 24. Be5 b5 25. Kf2 Re6 26. c3 Ne7 27. Re2 Nc6 28. a4 a6 29. axb5 axb5 30. Bc7 Rxe2+ 31. Kxe2 Ke6 32. Ke3 Ne7 1/2-1/2

[Event "Muensterland Regionalliga 2526"]
[Site "Germany"]
[Date "2025.12.06"]
[Round "4"]
[Board "7"]
[White "Haselhorst, Helmut"]
[Black "Hemmers, Dieter"]
[Result "1/2-1/2"]
[WhiteElo "1839"]
[BlackElo "1778"]
[WhiteFideId "-1"]
[BlackFideId "-1"]
[PlyCount "46"]
[GameId "2255797289599568"]
[EventDate "2025.??.??"]
[EventType "team-tourn"]
[EventRounds "9"]
[EventCountry "GER"]
[SourceTitle "Verband Muensterland"]
[SourceDate "2025.09.21"]
[SourceVersion "1"]
[SourceVersionDate "2025.09.21"]
[SourceQuality "1"]
[WhiteTeam "Steinfurt"]
[BlackTeam "Emsdetten Rochade"]
[WhiteTeamCountry "GER"]
[BlackTeamCountry "GER"]

1. d4 Nf6 2. c4 c5 3. Nf3 cxd4 4. Nxd4 g6 5. Nc3 Bg7 6. e4 d6 7. Be2 O-O 8. O-O Nc6 9. Be3 Bd7 10. Rc1 Nxd4 11. Bxd4 Bc6 12. f3 Nd7 13. Be3 Rc8 14. Qd2 Re8 15. Rfd1 Nb6 16. b3 Kf8 17. Qe1 Nd7 18. Qh4 Kg8 19. Nd5 Bxd5 20. exd5 a6 21. Qf2 Qa5 22. Bf1 Nc5 23. Qd2 Qxd2 1/2-1/2

[Event "Muensterland Regionalliga 2526"]
[Site "Germany"]
[Date "2025.12.06"]
[Round "4"]
[Board "8"]
[White "Fuhrmann, Andreas"]
[Black "Schmitz, Carolin"]
[Result "1-0"]
[WhiteElo "1735"]
[BlackElo "1628"]
[WhiteFideId "-1"]
[BlackFideId "-1"]
[PlyCount "85"]
[GameId "2255797289599570"]
[EventDate "2025.??.??"]
[EventType "team-tourn"]
[EventRounds "9"]
[EventCountry "GER"]
[SourceTitle "Verband Muensterland"]
[SourceDate "2025.09.21"]
[SourceVersion "1"]
[SourceVersionDate "2025.09.21"]
[SourceQuality "1"]
[WhiteTeam "Emsdetten Rochade"]
[BlackTeam "Steinfurt"]
[WhiteTeamCountry "GER"]
[BlackTeamCountry "GER"]

1. Nf3 d5 2. g3 c5 3. c4 d4 4. b4 b6 5. bxc5 bxc5 6. Bg2 Bb7 7. O-O e6 8. d3 Bd6 9. Nbd2 Ne7 10. Rb1 Qc7 11. Rxb7 Qxb7 12. Nxd4 Nbc6 13. Nb5 Bc7 14. Ne4 Rd8 15. Nxc5 Qc8 16. Nxa7 Nxa7 17. Qa4+ Kf8 18. Qxa7 Bb8 19. Qa5 h5 20. Nb3 h4 21. Ba3 f5 22. Qb4 Bd6 23. c5 Bc7 24. Qc4 Nd5 25. e4 Ne7 26. Nd4 Rh6 27. Nb5 Bb8 28. exf5 Nxf5 29. c6+ Bd6 30. Nxd6 Nxd6 31. Qf4+ Ke7 32. Qg5+ Kf8 33. Qe5 Qc7 34. Rb1 Qf7 35. Bxd6+ Kg8 36. c7 Rc8 37. Bb7 hxg3 38. hxg3 Rf6 39. Rf1 Rf5 40. Qe4 Rxc7 41. Bxc7 Qxc7 42. Qxe6+ Rf7 43. Bd5 1-0

[Event "Muensterland Regionalliga 2526"]
[Site "Germany"]
[Date "2025.12.06"]
[Round "4"]
[Board "1"]
[White "Kamphuis, Jasper"]
[Black "Kipp, Lucas"]
[Result "1-0"]
[WhiteElo "2102"]
[BlackElo "2013"]
[WhiteFideId "-1"]
[BlackFideId "-1"]
[PlyCount "43"]
[GameId "2095106920076468"]
[EventDate "2025.??.??"]
[EventType "team-tourn"]
[EventRounds "9"]
[EventCountry "GER"]
[SourceTitle "Verband Muensterland"]
[SourceDate "2025.09.21"]
[SourceVersion "1"]
[SourceVersionDate "2025.09.21"]
[SourceQuality "1"]
[WhiteTeam "Gronau"]
[BlackTeam "Saerbeck"]
[WhiteTeamCountry "GER"]
[BlackTeamCountry "GER"]

1. e4 d6 2. d4 Nf6 3. Nc3 e5 4. dxe5 dxe5 5. Qxd8+ Kxd8 6. Bg5 Be6 7. O-O-O+ Kc8 8. Nf3 Nbd7 9. Bh4 a6 10. Ng5 b5 11. Nxe6 fxe6 12. f3 Bd6 13. a4 b4 14. Nb1 Nb6 15. a5 Na4 16. Nd2 Nd7 17. Nc4 Bc5 18. Be2 h6 19. Bg3 Bd4 20. f4 exf4 21. Bxf4 e5 22. Bg4 1-0

[Event "Muensterland Regionalliga 2526"]
[Site "Germany"]
[Date "2025.12.06"]
[Round "4"]
[Board "2"]
[White "Bartsch, Jan"]
[Black "Monsma, Menno"]
[Result "0-1"]
[WhiteElo "1883"]
[BlackElo "2091"]
[WhiteFideId "-1"]
[BlackFideId "-1"]
[PlyCount "36"]
[GameId "2095107169440957"]
[EventDate "2025.??.??"]
[EventType "team-tourn"]
[EventRounds "9"]
[EventCountry "GER"]
[SourceTitle "Verband Muensterland"]
[SourceDate "2025.09.21"]
[SourceVersion "1"]
[SourceVersionDate "2025.09.21"]
[SourceQuality "1"]
[WhiteTeam "Saerbeck"]
[BlackTeam "Gronau"]
[WhiteTeamCountry "GER"]
[BlackTeamCountry "GER"]

1. b3 e5 2. Bb2 Nc6 3. e3 d5 4. Bb5 Bd6 5. f4 Qh4+ 6. g3 Qe7 7. Nf3 f6 8. fxe5 fxe5 9. Bxc6+ bxc6 10. Nxe5 Nf6 11. Nxc6 Qd7 12. Bxf6 O-O 13. Be5 Qxc6 14. Bd4 Qe8 15. Rf1 Rxf1+ 16. Kxf1 c5 17. Bb2 Qe4 18. Qh5 Bg4 0-1

[Event "Muensterland Regionalliga 2526"]
[Site "Germany"]
[Date "2025.12.06"]
[Round "4"]
[Board "3"]
[White "Hoge, Torsten"]
[Black "Waltermann, Jens"]
[Result "1/2-1/2"]
[WhiteElo "1931"]
[BlackElo "1812"]
[WhiteFideId "-1"]
[BlackFideId "-1"]
[PlyCount "32"]
[GameId "2095107233178822"]
[EventDate "2025.??.??"]
[EventType "team-tourn"]
[EventRounds "9"]
[EventCountry "GER"]
[SourceTitle "Verband Muensterland"]
[SourceDate "2025.09.21"]
[SourceVersion "1"]
[SourceVersionDate "2025.09.21"]
[SourceQuality "1"]
[WhiteTeam "Gronau"]
[BlackTeam "Saerbeck"]
[WhiteTeamCountry "GER"]
[BlackTeamCountry "GER"]

1. d4 Nf6 2. Bf4 d5 3. e3 c6 4. c3 Bf5 5. Nd2 Nbd7 6. h3 h6 7. Ngf3 g5 8. Bh2 Bg7 9. Qb3 Qb6 10. Ne5 O-O 11. g4 Bh7 12. Bg2 Nxe5 13. Bxe5 Nd7 14. Bxg7 Kxg7 15. h4 Qxb3 16. axb3 e5 1/2-1/2

[Event "Muensterland Regionalliga 2526"]
[Site "Germany"]
[Date "2025.12.06"]
[Round "4"]
[Board "4"]
[White "Hoge, Reinhard"]
[Black "Luetkehermoelle, Martin"]
[Result "1/2-1/2"]
[WhiteElo "1854"]
[BlackElo "1927"]
[WhiteFideId "-1"]
[BlackFideId "-1"]
[PlyCount "39"]
[GameId "2095107319190735"]
[EventDate "2025.??.??"]
[EventType "team-tourn"]
[EventRounds "9"]
[EventCountry "GER"]
[SourceTitle "Verband Muensterland"]
[SourceDate "2025.09.21"]
[SourceVersion "1"]
[SourceVersionDate "2025.09.21"]
[SourceQuality "1"]
[WhiteTeam "Saerbeck"]
[BlackTeam "Gronau"]
[WhiteTeamCountry "GER"]
[BlackTeamCountry "GER"]

1. d4 Nf6 2. c4 e6 3. Nc3 Bb4 4. a3 Bxc3+ 5. bxc3 c5 6. e3 O-O 7. Bd3 Nc6 8. Ne2 d6 9. O-O e5 10. d5 Na5 11. e4 b6 12. Ng3 Ba6 13. Qe2 Nb3 14. Rb1 Nxc1 15. Rbxc1 Bc8 16. h3 Re8 17. Qe3 h6 18. Qf3 Nh7 19. Nf5 Bxf5 20. Qxf5 1/2-1/2

[Event "Muensterland Regionalliga 2526"]
[Site "Germany"]
[Date "2025.12.06"]
[Round "4"]
[Board "5"]
[White "Langendijk, Andre"]
[Black "Bartsch, Rainer"]
[Result "1/2-1/2"]
[WhiteElo "1859"]
[BlackElo "1663"]
[WhiteFideId "-1"]
[BlackFideId "-1"]
[PlyCount "69"]
[GameId "2095107403830488"]
[EventDate "2025.??.??"]
[EventType "team-tourn"]
[EventRounds "9"]
[EventCountry "GER"]
[SourceTitle "Verband Muensterland"]
[SourceDate "2025.09.21"]
[SourceVersion "1"]
[SourceVersionDate "2025.09.21"]
[SourceQuality "1"]
[WhiteTeam "Gronau"]
[BlackTeam "Saerbeck"]
[WhiteTeamCountry "GER"]
[BlackTeamCountry "GER"]

1. c4 c6 2. Nc3 d5 3. d4 e6 4. Nf3 f5 5. cxd5 exd5 6. e3 Nf6 7. Bd3 Ne4 8. O-O Nd7 9. Ne2 Bd6 10. Rb1 Qe7 11. a3 a5 12. Qe1 O-O 13. Bd2 Nxd2 14. Qxd2 Nf6 15. Qc2 Ne4 16. Rfe1 Rf6 17. Ng3 Rh6 18. Nf1 g5 19. g3 Kh8 20. N3d2 g4 21. f3 gxf3 22. Nxf3 Bd7 23. Re2 Rg8 24. Rg2 Be8 25. Re1 Bh5 26. N3d2 Bg4 27. Nxe4 fxe4 28. Be2 Bh3 29. Rf2 Rf8 30. Qd1 Rxf2 31. Kxf2 Qg5 32. Kg1 Rf6 33. Bh5 Qf5 34. Qe2 Kg7 35. g4 1/2-1/2

[Event "Muensterland Regionalliga 2526"]
[Site "Germany"]
[Date "2025.12.06"]
[Round "4"]
[Board "6"]
[White "Rogowski, Friedrich"]
[Black "Rothkegel, Juergen"]
[Result "0-1"]
[WhiteElo "1665"]
[BlackElo "1880"]
[WhiteFideId "-1"]
[BlackFideId "-1"]
[PlyCount "70"]
[GameId "2095107464140001"]
[EventDate "2025.??.??"]
[EventType "team-tourn"]
[EventRounds "9"]
[EventCountry "GER"]
[SourceTitle "Verband Muensterland"]
[SourceDate "2025.09.21"]
[SourceVersion "1"]
[SourceVersionDate "2025.09.21"]
[SourceQuality "1"]
[WhiteTeam "Saerbeck"]
[BlackTeam "Gronau"]
[WhiteTeamCountry "GER"]
[BlackTeamCountry "GER"]

1. e4 c5 2. Nf3 d6 3. Bb5+ Bd7 4. Bxd7+ Qxd7 5. O-O Nf6 6. e5 dxe5 7. Nxe5 Qc7 8. Re1 e6 9. d3 Bd6 10. Nf3 Nc6 11. Nc3 a6 12. Ne4 Nxe4 13. dxe4 Rd8 14. Qe2 O-O 15. c3 h6 16. e5 Nxe5 17. Nxe5 Bxe5 18. Bxh6 Bxh2+ 19. Kh1 Bf4 20. Bxf4 Qxf4 21. Rad1 b5 22. g3 Qg5 23. Kg2 Rxd1 24. Rxd1 Rd8 25. f4 Qe7 26. Re1 Qb7+ 27. Kf2 c4 28. Rd1 Qb6+ 29. Kf3 Qc6+ 30. Kf2 Qc5+ 31. Kf3 Qh5+ 32. g4 Qh3+ 33. Ke4 f5+ 34. Ke5 Rxd1 35. Qxd1 Qe3+ 0-1

[Event "Muensterland Regionalliga 2526"]
[Site "Germany"]
[Date "2025.12.06"]
[Round "4"]
[Board "7"]
[White "Storck, Martin"]
[Black "Henschen, Daniel"]
[Result "1/2-1/2"]
[WhiteElo "1846"]
[BlackElo "1588"]
[WhiteFideId "-1"]
[BlackFideId "-1"]
[PlyCount "47"]
[GameId "2095107553645802"]
[EventDate "2025.??.??"]
[EventType "team-tourn"]
[EventRounds "9"]
[EventCountry "GER"]
[SourceTitle "Verband Muensterland"]
[SourceDate "2025.09.21"]
[SourceVersion "1"]
[SourceVersionDate "2025.09.21"]
[SourceQuality "1"]
[WhiteTeam "Gronau"]
[BlackTeam "Saerbeck"]
[WhiteTeamCountry "GER"]
[BlackTeamCountry "GER"]

1. c4 e6 2. Nc3 Nf6 3. e4 d5 4. cxd5 exd5 5. e5 Nfd7 6. d4 Nb6 7. Be3 Be7 8. Bd3 Nc6 9. a3 a6 10. Nf3 Bg4 11. O-O Qd7 12. b4 Na7 13. h3 Bf5 14. Re1 Bxd3 15. Qxd3 O-O 16. Bg5 c6 17. Re2 Nb5 18. Nxb5 axb5 19. Rae1 Qd8 20. Bc1 Nc4 21. Nd2 Bg5 22. Nxc4 bxc4 23. Qf5 Bxc1 24. Rxc1 1/2-1/2

[Event "Muensterland Regionalliga 2526"]
[Site "Germany"]
[Date "2025.12.06"]
[Round "4"]
[Board "8"]
[White "Pannek, Benedikt"]
[Black "Reinhold, Klaus"]
[Result "1/2-1/2"]
[WhiteElo "1239"]
[BlackElo "1804"]
[WhiteFideId "-1"]
[BlackFideId "-1"]
[PlyCount "41"]
[GameId "2095107615425779"]
[EventDate "2025.??.??"]
[EventType "team-tourn"]
[EventRounds "9"]
[EventCountry "GER"]
[SourceTitle "Verband Muensterland"]
[SourceDate "2025.09.21"]
[SourceVersion "1"]
[SourceVersionDate "2025.09.21"]
[SourceQuality "1"]
[WhiteTeam "Saerbeck"]
[BlackTeam "Gronau"]
[WhiteTeamCountry "GER"]
[BlackTeamCountry "GER"]

1. e4 e5 2. Nf3 Nc6 3. Bc4 Bc5 4. c3 Nf6 5. d4 exd4 6. cxd4 Bb4+ 7. Bd2 Bxd2+ 8. Nbxd2 d5 9. exd5 Nxd5 10. O-O O-O 11. Rc1 Nb6 12. Qb3 Nxd4 13. Nxd4 Qxd4 14. Nf3 Qf6 15. Bd3 c6 16. Rfe1 Be6 17. Qc2 h6 18. Re2 Bd5 19. Ne5 Rfe8 20. Rce1 Re6 21. Bf5 1/2-1/2

[Event "Muensterland Regionalliga 2526"]
[Site "Germany"]
[Date "2025.12.06"]
[Round "4"]
[Board "1"]
[White "Schroer, Klaus"]
[Black "Schulze Ameling, Hendrik"]
[Result "1/2-1/2"]
[WhiteElo "2095"]
[BlackElo "1996"]
[WhiteFideId "-1"]
[BlackFideId "-1"]
[PlyCount "97"]
[GameId "2095106920076468"]
[EventDate "2025.??.??"]
[EventType "team-tourn"]
[EventRounds "9"]
[EventCountry "GER"]
[SourceTitle "Verband Muensterland"]
[SourceDate "2025.09.21"]
[SourceVersion "1"]
[SourceVersionDate "2025.09.21"]
[SourceQuality "1"]
[WhiteTeam "Borken"]
[BlackTeam "Ahaus Wessum"]
[WhiteTeamCountry "GER"]
[BlackTeamCountry "GER"]

1. b3 Nf6 2. Bb2 d6 3. e3 g6 4. c4 Bg7 5. Nc3 O-O 6. Be2 c5 7. h4 Nc6 8. d3 a6 9. Nh3 Qa5 10. Kf1 e6 11. Qc2 b5 12. cxb5 axb5 13. a4 b4 14. Ne4 Nxe4 15. dxe4 Ba6 16. Nf4 Bxe2+ 17. Qxe2 Qa6 18. Bxg7 Kxg7 19. Qxa6 Rxa6 20. Ke2 Na5 21. Rab1 Rc8 22. Rhc1 Kf6 23. Rc2 Rac6 24. g3 h6 25. Nd3 d5 26. e5+ Ke7 27. f4 h5 28. Kd2 Kd7 29. Ke2 R8c7 30. Kd2 Kc8 31. Ke2 Kb7 32. Kd2 Kb6 33. Ke2 Rd7 34. Kd2 Rcc7 35. Ke2 Rd8 36. Kd2 c4 37. Nxb4 Nxb3+ 38. Ke1 Ra7 39. Ra2 Kc5 40. Nd3+ Kb6 41. Nc1 Rda8 42. Nxb3 cxb3 43. Rxb3+ Kc6 44. Rc2+ Kd7 45. Ke2 Rc7 46. Ra2 Rca7 47. Rb4 Rc8 48. Kd3 Rc5 49. e4 1/2-1/2

[Event "Muensterland Regionalliga 2526"]
[Site "Germany"]
[Date "2025.12.06"]
[Round "4"]
[Board "2"]
[White "Winking, Hendrik"]
[Black "Schulze Schwering, Philipp"]
[Result "1/2-1/2"]
[WhiteElo "1918"]
[BlackElo "2018"]
[WhiteFideId "-1"]
[BlackFideId "-1"]
[PlyCount "31"]
[GameId "2095107169440957"]
[EventDate "2025.??.??"]
[EventType "team-tourn"]
[EventRounds "9"]
[EventCountry "GER"]
[SourceTitle "Verband Muensterland"]
[SourceDate "2025.09.21"]
[SourceVersion "1"]
[SourceVersionDate "2025.09.21"]
[SourceQuality "1"]
[WhiteTeam "Ahaus Wessum"]
[BlackTeam "Borken"]
[WhiteTeamCountry "GER"]
[BlackTeamCountry "GER"]

1. d4 d5 2. c4 e6 3. Nc3 Nf6 4. Nf3 a6 5. e3 dxc4 6. Bxc4 b5 7. Bd3 Bb7 8. O-O Nbd7 9. a3 c5 10. dxc5 Nxc5 11. Bc2 Be7 12. b4 Nce4 13. Nxe4 Nxe4 14. Bb2 O-O 15. Qxd8 Rfxd8 16. Rfd1 1/2-1/2

[Event "Muensterland Regionalliga 2526"]
[Site "Germany"]
[Date "2025.12.06"]
[Round "4"]
[Board "3"]
[White "Beckmann, David"]
[Black "Rosing, Hermann"]
[Result "1/2-1/2"]
[WhiteElo "2029"]
[BlackElo "1982"]
[WhiteFideId "-1"]
[BlackFideId "-1"]
[PlyCount "88"]
[GameId "2095107233178822"]
[EventDate "2025.??.??"]
[EventType "team-tourn"]
[EventRounds "9"]
[EventCountry "GER"]
[SourceTitle "Verband Muensterland"]
[SourceDate "2025.09.21"]
[SourceVersion "1"]
[SourceVersionDate "2025.09.21"]
[SourceQuality "1"]
[WhiteTeam "Borken"]
[BlackTeam "Ahaus Wessum"]
[WhiteTeamCountry "GER"]
[BlackTeamCountry "GER"]

1. d4 Nf6 2. Nf3 d5 3. g3 e6 4. Bg2 Be7 5. O-O O-O 6. c4 dxc4 7. Qc2 a6 8. a4 Nc6 9. Qxc4 Qd5 10. Qd3 Nb4 11. Qd1 Qf5 12. Bg5 h6 13. Bxf6 Bxf6 14. Na3 Rd8 15. Qb3 a5 16. Rac1 c6 17. Rc5 Qe4 18. e3 Qd3 19. Rc3 Qa6 20. Ne5 Bd7 21. Nac4 Be8 22. Rfc1 Rab8 23. Bf1 Qa7 24. Na3 Nd5 25. R3c2 Nb4 26. Rc3 Nd5 27. Rd3 Nb4 28. Rdd1 b5 29. axb5 cxb5 30. Nc2 Nxc2 31. Qxc2 Bxe5 32. dxe5 Qb6 33. Rxd8 Rxd8 34. Qe4 a4 35. h4 g6 36. h5 Kg7 37. Bd3 Qa7 38. Rc3 Qe7 39. hxg6 fxg6 40. Kh2 b4 41. Rc2 Rb8 42. Qd4 Rd8 43. Qe4 Rb8 44. Qd4 Rd8 1/2-1/2

[Event "Muensterland Regionalliga 2526"]
[Site "Germany"]
[Date "2025.12.06"]
[Round "4"]
[Board "4"]
[White "Gulik, Michal"]
[Black "Boldrick, Marcel"]
[Result "0-1"]
[WhiteElo "1774"]
[BlackElo "1864"]
[WhiteFideId "-1"]
[BlackFideId "-1"]
[PlyCount "56"]
[GameId "2095107319190735"]
[EventDate "2025.??.??"]
[EventType "team-tourn"]
[EventRounds "9"]
[EventCountry "GER"]
[SourceTitle "Verband Muensterland"]
[SourceDate "2025.09.21"]
[SourceVersion "1"]
[SourceVersionDate "2025.09.21"]
[SourceQuality "1"]
[WhiteTeam "Ahaus Wessum"]
[BlackTeam "Borken"]
[WhiteTeamCountry "GER"]
[BlackTeamCountry "GER"]

1. c4 Nf6 2. Nc3 e6 3. d4 d5 4. Bg5 Nbd7 5. cxd5 exd5 6. Nxd5 Nxd5 7. Nf3 Bb4+ 8. Bd2 O-O 9. e3 N7f6 10. Bd3 Bg4 11. Bxb4 Nxb4 12. Be2 Qe7 13. O-O Rfe8 14. h3 Bh5 15. g4 Bg6 16. Qb3 c6 17. Ne5 Bc2 18. Qa3 Nbd5 19. Qa5 Nd7 20. Qd2 Nxe5 21. Qxc2 Ng6 22. Bc4 Rad8 23. Rae1 Nh4 24. Rd1 Qf6 25. Be2 Re7 26. Rc1 Rde8 27. Bd1 Re4 28. Kh2 Nxe3 0-1

[Event "Muensterland Regionalliga 2526"]
[Site "Germany"]
[Date "2025.12.06"]
[Round "4"]
[Board "5"]
[White "Farwick, Christian"]
[Black "Parameswaran, Vithushan"]
[Result "1-0"]
[WhiteElo "1851"]
[BlackElo "1895"]
[WhiteFideId "-1"]
[BlackFideId "-1"]
[PlyCount "61"]
[GameId "2095107403830488"]
[EventDate "2025.??.??"]
[EventType "team-tourn"]
[EventRounds "9"]
[EventCountry "GER"]
[SourceTitle "Verband Muensterland"]
[SourceDate "2025.09.21"]
[SourceVersion "1"]
[SourceVersionDate "2025.09.21"]
[SourceQuality "1"]
[WhiteTeam "Borken"]
[BlackTeam "Ahaus Wessum"]
[WhiteTeamCountry "GER"]
[BlackTeamCountry "GER"]

1. d4 f5 2. Nf3 Nf6 3. c3 g6 4. h3 Bg7 5. Bf4 d6 6. e3 O-O 7. Nbd2 Qe8 8. Qb3+ Kh8 9. Be2 h6 10. O-O-O a5 11. Rdg1 a4 12. Qc2 g5 13. Bxg5 hxg5 14. Nxg5 Qg6 15. f4 Nh7 16. h4 e6 17. h5 Qh6 18. Ndf3 Nc6 19. Nxh7 Qxh7 20. Nh4 Rf6 21. g4 fxg4 22. Ng6+ Kg8 23. Rxg4 Qh6 24. Rhg1 Rf7 25. Rg5 Bd7 26. Bc4 Ne7 27. Nxe7+ Rxe7 28. Qg2 d5 29. Rg6 Qh8 30. h6 dxc4 31. hxg7 1-0

[Event "Muensterland Regionalliga 2526"]
[Site "Germany"]
[Date "2025.12.06"]
[Round "4"]
[Board "6"]
[White "Ter Horst, Carsten"]
[Black "Schmidt, Sebastian"]
[Result "1/2-1/2"]
[WhiteElo "1873"]
[BlackElo "1754"]
[WhiteFideId "-1"]
[BlackFideId "-1"]
[PlyCount "79"]
[GameId "2095107464140001"]
[EventDate "2025.??.??"]
[EventType "team-tourn"]
[EventRounds "9"]
[EventCountry "GER"]
[SourceTitle "Verband Muensterland"]
[SourceDate "2025.09.21"]
[SourceVersion "1"]
[SourceVersionDate "2025.09.21"]
[SourceQuality "1"]
[WhiteTeam "Ahaus Wessum"]
[BlackTeam "Borken"]
[WhiteTeamCountry "GER"]
[BlackTeamCountry "GER"]

1. e4 e5 2. Nf3 Nc6 3. Nc3 Nf6 4. d4 exd4 5. Nxd4 d6 6. g3 Bd7 7. Bg2 Be7 8. O-O Nxd4 9. Qxd4 O-O 10. Bf4 Qc8 11. Rfe1 Re8 12. Rad1 Bc6 13. Qd3 Rd8 14. Ne2 Ng4 15. Nd4 Bd7 16. c3 Ne5 17. Qc2 Bh3 18. Nf5 Bxf5 19. exf5 Bf6 20. h3 g6 21. fxg6 Nxg6 22. Bh6 c6 23. c4 Qd7 24. Kh2 Re8 25. Be4 Re5 26. Bf3 Rae8 27. Rxe5 Rxe5 28. b3 Qe7 29. Qd3 Re6 30. Qf5 Bg7 31. Bg5 Bf6 32. h4 Bxg5 33. hxg5 Re5 34. Qc8+ Kg7 35. Qb8 Rxg5 36. Qxd6 Qxd6 37. Rxd6 Ra5 38. a4 Re5 39. Rd7 Re7 40. Rxe7 1/2-1/2

[Event "Muensterland Regionalliga 2526"]
[Site "Germany"]
[Date "2025.12.06"]
[Round "4"]
[Board "7"]
[White "Klueppel, Ralf"]
[Black "Schmidt, Lias Chester"]
[Result "1-0"]
[WhiteElo "1735"]
[BlackElo "1527"]
[WhiteFideId "-1"]
[BlackFideId "-1"]
[PlyCount "119"]
[GameId "2095107553645802"]
[EventDate "2025.??.??"]
[EventType "team-tourn"]
[EventRounds "9"]
[EventCountry "GER"]
[SourceTitle "Verband Muensterland"]
[SourceDate "2025.09.21"]
[SourceVersion "1"]
[SourceVersionDate "2025.09.21"]
[SourceQuality "1"]
[WhiteTeam "Borken"]
[BlackTeam "Ahaus Wessum"]
[WhiteTeamCountry "GER"]
[BlackTeamCountry "GER"]

1. d4 d5 2. Nf3 Nf6 3. b3 Bg4 4. Bb2 e6 5. Nbd2 Bxf3 6. Nxf3 c5 7. e3 Nc6 8. Bd3 cxd4 9. exd4 Bd6 10. O-O O-O 11. a3 a6 12. Qe2 Re8 13. Ne5 Qc7 14. f4 Qb6 15. Nxc6 Qxc6 16. Rac1 Rac8 17. g4 Ne4 18. c4 f5 19. cxd5 Qxd5 20. Rxc8 Rxc8 21. Bc4 Rxc4 22. bxc4 Qc6 23. gxf5 exf5 24. Qd3 Bc7 25. Bc1 Qg6+ 26. Kh1 Qg4 27. Qf3 Qh4 28. Be3 g5 29. Bf2 Qh6 30. Rg1 Nxf2+ 31. Qxf2 g4 32. d5 Qd6 33. Qe3 Kg7 34. Re1 Bd8 35. Qe5+ Qf6 36. Qxf6+ Kxf6 37. Kg2 b6 38. a4 a5 39. h3 h5 40. Re6+ Kf7 41. Rc6 h4 42. Rc8 Ke7 43. Rc6 g3 44. Kf3 Kf7 45. Rh6 Kg7 46. Rd6 Be7 47. Rxb6 Kf7 48. Rb5 Bb4 49. Rb7+ Ke8 50. Ra7 Kf8 51. c5 Bxc5 52. Rxa5 Bd6 53. Ra6 Ke7 54. Rc6 Bb4 55. Re6+ Kf7 56. Rh6 g2 57. Kxg2 Be1 58. Kf3 Ke7 59. Re6+ Kf7 60. Rxe1 1-0